000 01119nam a2200241Ia 4500
999 _c56038
_d56038
001 23138
003 GE_BSU
005 20230716143312.0
008 181216s1970||||ge |||||||||||||| ||geo||
040 _cGE_BSU
041 _ageo
080 _a821.111(417)-32 ჯ-66
100 _aჯოისი, ჯეიმზ
_91371
245 _aდუბლინელები :
_bმოთხრობები /
_cჯეიმზ ჯოისი ; ინგლ. თარგმნეს ლ. იმერლიშვილმა და მ. შატბერაშვილმა ; ბოლოსიტყვ. ნ. ყიასაშვილისა.
264 _aთბილისი :
_bსაბჭ. საქართველო,
_c1970.
300 _a298 გვ. ;
_c17 სმ.
541 _h1ლ. 42 თ.
653 _aდუბლინელები
653 _aმოთხრობები
700 _aიმერლიშვილი, ი.
_eმთარგმნელი
_919357
700 _aშატბერაშვილი, მ.
_eმთარგმნელი
_919358
942 _cBK
_2udc